LEADER 01452nam 2200373 450 001 000008153 005 20121121112019.0 010 $a0-19-855204-1 100 $a20010424d1987----km-y0itay0103----ba 101 0 $aeng 102 $aUS 200 1 $a<> electronic structure and chemistry of solids$fP. A. Cox 210 $aNew York$cOxford University Press$d1987 215 $aXI, 259 p.$d24 cm. 300 $aIn copertina: Oxford science publications 606 $aChimica fisica$xSolidi 676 $a541.0421$v(22. ed.)$9Chimica fisica. Chimica dello stato solido 700 1$aCox,$bP. A.$019851 801 0$aIT$bUniversità della Basilicata - B.I.A.$gRICA$2unimarc 912 $a000008153 996 $aElectronic structure and chemistry of solids$975329 997 $aUNIBAS BAS $aSCIENZE CAT $aTORRE$b20$c20010424$lBAS01$h1153 CAT $c20050601$lBAS01$h1754 CAT $abatch$b01$c20050718$lBAS01$h1049 CAT $c20050718$lBAS01$h1109 CAT $c20050718$lBAS01$h1139 CAT $c20050718$lBAS01$h1153 CAT $aSTD084$b01$c20121114$lBAS01$h1058 CAT $aTTM$b30$c20121121$lBAS01$h1120 FMT Z30 -1$lBAS01$LBAS01$mBOOK$1BASA2$APolo Tecnico-Scientifico$2DID$BDidattica$3PTS.c2.p1.35$697798$5S97798$820010424$f98$FConsultazione Z30 -1$lBAS01$LBAS01$mBOOK$1BASA2$APolo Tecnico-Scientifico$2DID$BDidattica$3PTS.c2.p1.35A$6111594$5S111594$820121114$f04$FPrestabile Didattica LEADER 01440cam0-2200313---450 001 990004524820403321 005 20251024105055.0 035 $a000452482 035 $aFED01000452482 035 $a(Aleph)000452482FED01 100 $a19990604d1804----km-y0itay50------ba 101 0 $afre 105 $ay-------001yy 200 1 $a<>véritable esprit de J. J. Rousseau, ou Choix d'observations, de maximes et de principes sur la morale, la religion, la politique et la littérature, tiré des oeuvres de cet écrivain ... Par m. l'abbé Sabatier de Castres. Tome premier [-troisième] 210 $aA Metz$cchez Colligon, imprimeur-libraire$aet à Leipzig$cchez Hinrichs, libraire$d1804 an XII 215 $a3 v.$d21 cm 676 $a194$v21$zita 700 1$aRousseau,$bJean-Jacques$f<1712-1778>$0132862 702 1$aSabatier de Castres,$bAntoine$f<1742-1817> 801 0$aIT$bUNINA$gRICA$2UNIMARC 901 $aAQ 912 $a990004524820403321 952 $aSG 100/B 83 (1)$bbibl.174$fFLFBC 952 $aSG 100/B 83 (2)$bbibl.174$fFLFBC 952 $aSG 100/B 83 (3)$bbibl.174$fFLFBC 952 $a3/V H 77$bBIBL.37168$fFLFBC 959 $aFLFBC 996 $aVéritable esprit de J. J. Rousseau, ou Choix d'observations, de maximes et de principes sur la morale, la religion, la politique et la littérature, tiré des oeuvres de cet écrivain ... Par m. l'abbé Sabatier de Castres. Tome premier$91497908 997 $aUNINA